书目信息 |
| 题名: |
社会主义时期论文选辑
|
|
| 作者: | ;中共党史研究会 编 | |
| 分册: | ||
| 出版信息: | 北京 中共中央党校出版社 1982 |
|
| 页数: | 341页 | |
| 开本: | 21cm | |
| 丛书名: | 中共党史论丛 | |
| 单 册: | ||
| 中图分类: | D602 | |
| 科图分类: | ||
| 主题词: | 政论--中国 | |
| 电子资源: | ||
| ISBN: | ||
| 000 | 00733nam2 2200253 45 | |
| 001 | 0182008168 | |
| 005 | 20050328163626.6 | |
| 010 | @dCNY1.15 | |
| 091 | @a3230.64 | |
| 100 | @a19950517d1982 emky0chiy0121 ea | |
| 101 | 0 | @achi |
| 102 | @aCN@b110000 | |
| 105 | @ay z 000yy | |
| 200 | 10 | @a社会主义时期论文选辑@Ashe hui zhu yi shi qi lun wen xuan ji@f中共党史研究会编@FZhong Gong Dang Shi Yan Jiu Hui Bian |
| 210 | @a北京@c中共中央党校出版社@d1982 | |
| 215 | @a341页@d21cm | |
| 225 | 2 | @a中共党史论丛@h第三集 |
| 410 | 0 | @120010@a中共党史论丛 |
| 606 | 0 | @a政论@x中国 |
| 690 | @aD602@v3 | |
| 711 | 02 | @a中共党史研究会@4编 |
| 801 | 0 | @aCN@b上海图书馆@c20040421 |
| 801 | 2 | @aCN@bNLC@c20040421 |
| 905 | @dD602@e29@f1@b217892 | |
| 社会主义时期论文选辑/中共党史研究会编.-北京:中共中央党校出版社,1982 |
| 341页;21cm.-(中共党史论丛.第三集) |
| ISBN :CNY1.15 |
| ● |
| 相关链接 |
|
|
|
|
正题名:社会主义时期论文选辑
索取号:D602/29
 
预约/预借
| 序号 | 登录号 | 条形码 | 馆藏地/架位号 | 状态 | 备注 |
| 1 | 0217891 | 001111790 | 密集书库/ [索取号:D602/29] | 在馆 | |
| 2 | 0217892 | 002031054 | 密集书库/ [索取号:D602/29] | 在馆 | |
| 3 | 0217893 | 000484443 | 第一样本阅览室/ [索取号:D602/29] | 在馆 |